Αγορές χρήματος και κεφαλαίου

Αποθηκεύτηκε σε:
Λεπτομέρειες βιβλιογραφικής εγγραφής
Κύριος συγγραφέας: Θωμαδάκης, Σταύρος Β.
Άλλοι συγγραφείς: Ξανθάκης, Εμμανουήλ Δ.
Μορφή: Βιβλίο
Γλώσσα:Greek
Δημοσίευση: Αθήνα : Αντ.Ν.Σάκκουλας, 1990.
Σειρά:Τραπεζική επιστήμη θεωρία και πράξη. Εγχειρίδια
Θέματα:
Ετικέτες: Προσθήκη ετικέτας
Δεν υπάρχουν, Καταχωρήστε ετικέτα πρώτοι!

MARC

LEADER 00000cam a2200000 i 4500
001 1/25378
008 941103s1990 gr | ||| |||| ||gre||
035 |a 1992  |c ΔΩΡΕΑ  |l 10022475 
040 |a GR-MyUA  |b gre  |e AACR2 
041 0 |a gre 
082 0 |a 332.1  |2 (21) 
100 1 |a Θωμαδάκης, Σταύρος Β. 
245 1 0 |a Αγορές χρήματος και κεφαλαίου /   |c Σταύρος Θωμαδάκης, Μανώλης Ξανθάκης.  
260 |a Αθήνα :   |b Αντ.Ν.Σάκκουλας,   |c 1990.  
300 |a 301 σ. ;   |c 24 εκ.  
490 1 |a Τραπεζική επιστήμη θεωρία και πράξη. Εγχειρίδια.  
504 |a Βιβλιογραφία: σ. 297-301.  
650 0 0 |a Capital market. 
650 0 0 |a Finance. 
650 0 0 |a Money market. 
700 1 |a Ξανθάκης, Εμμανουήλ Δ. 
830 0 |a Τραπεζική επιστήμη θεωρία και πράξη. Εγχειρίδια 
852 |a INST  |b CHIOS  |e 19960723  |h 332.1 ΘΩΜ  |p 005200007059  |q 005200007059  |t BK  |y 0 
852 |a INST  |b CHIOS  |e 19960805  |h 332.1 ΘΩΜ  |p 005200009342  |q 005200009342  |t BK  |y 0 
852 |a INST  |b CHIOS  |e 19961101  |h 332.1 ΘΩΜ  |p 005200011070  |q 005200011070  |t BK  |y 0 
852 |a INST  |b CHIOS  |e 20010122  |h 332.1 ΘΩΜ  |p 005200016915  |q 005200016915  |t BK  |y 0 
852 |a INST  |b CHIOS  |e 20000224  |h 332.1 ΘΩΜ  |p 005200018427  |q 005200018427  |t BK  |y 0 
852 |a INST  |b CHIOS  |e 19960729  |h 332.1 ΘΩΜ  |p 005200021503  |q 005200021503  |t BK  |y 0 
852 |a INST  |b CHIOS  |e 20050921  |h 332.1 ΘΩΜ  |p 005200024567  |q 005200024567  |t BK  |y 0 
852 |a INST  |b RHODES  |e 20010322  |h 332.1 ΘΩΜ  |p 005400017112  |q 005400017112  |t BK  |y 0 
852 |a INST  |b SAMOS  |e 19941103  |h 332.1 ΘΩΜ  |p 005300009901  |q 005300009901  |t BK  |y 0 
852 |a INST  |b SYROS  |e 20040308  |h 332.1 ΘΩΜ  |p 005500003129  |q 005500003129  |t BK  |y 0 
901 |a BIBL5-2004-1 
901 |a BIBL2-2000-1 
901 |a BIBL4-2001-1 
901 |a BIBL2-2005-4 
909 |a Ε  |b 104095 
909 |a Σ  |b 023709 
909 |a Χ  |b 019261 
909 |a Χ  |b 045550 
909 |a Χ  |b 045551 
909 |a Χ  |b 047736 
909 |a Χ  |b 074658 
909 |a Χ  |b 076256 
909 |a Ρ  |b 084921 
909 |a Χ  |b 119885 
970 |a ΚΑΓΙΑΒΑ  |b ΕΙΡΗΝΗ  |z 2004/03/08